000 01210nam a2200325 a 4500
001 000109308
003 CHAP
005 20220329144045.0
008 140416s2014 mx sm |||||||spa d
010 _a105770
011 _a106742
040 _cCHAP
090 _aTesis
100 1 _aLópez Gómez, Jesús Antonio
_967940
245 1 0 _aDesarrollo y evaluación de una sembradora multiuso-multicultivo accionada por un tractor de dos ruedas
_h[En línea]
_cpor Jesús Antonio López Gómez.
260 _aChapingo, Méx. :
_bEl autor,
_c2014.
500 _aPara ver el contenido del material haga clic en la liga
502 _aTesis (Maestro en Ingeniería Agrícola y Uso Integral del Agua) -- UACH. Posgrado en Ingeniería Agrícola y Uso Integral del Agua
590 _aBATCH-UPD
_b05
_c20141002
_lUCH01
_h0901
590 _aE6096MTM
_b05
_c20140416
_lUCH01
_h1347
590 _aE6096MTM
_b05
_c20140416
_lUCH01
_h1350
650 1 4 _aEvaluación.
_938913
650 1 4 _aMaquinaria agrícola.
_971151
650 1 4 _aSembradoras.
_9103854
650 1 4 _aTractores.
_9114574
856 _aFinding aid
_uhttp://10.13.5.2/tesis/sist109308.pdf
_zTeclea aquí
901 _aBK
942 _cTESIS
942 _n0
999 _c105770
_d105770